| 000 | 00890 a2200229 4500 | ||
|---|---|---|---|
| 003 | Nust | ||
| 005 | 20221013114120.0 | ||
| 010 | _a 75030848 | ||
| 020 |
_a0131664700 : _a013166462X |
||
| 040 | _cNust | ||
| 082 | _a574.5,KOR | ||
| 100 | 1 |
_aKormondy, Edward John, _9100103 |
|
| 245 | 1 | 0 |
_aConcepts of ecology / _cEdward J. Kormondy. |
| 250 | _a2nd ed. / | ||
| 260 |
_aEnglewood Cliffs, N.J. : _bPrentice-Hall, _cc1976. |
||
| 300 |
_axiv, 238 p. : _bill. ; _c23 cm. |
||
| 490 | 0 | _aConcepts of modern biology series | |
| 490 | 0 | _aPrentice-Hall biological science series | |
| 505 | _aThe Nature of Ecosystems (Page-1), Energy Flow in Ecosystems (Page-10), Biogeochemical Cycles and Ecosystems (Page-41), Ecology of Populations (Page-75), The Organization and Dynamics of Ecological Communities (Page-133), Ecology and Man (Page-190). | ||
| 650 | 0 |
_aEcology. _92518 |
|
| 942 |
_2ddc _cBK |
||
| 999 |
_c182333 _d182333 |
||